000 01019nam a2200325Ia 4500
005 20220317001817.0
008 170328s2016 c g 000 f s
020 _a9789584245717
020 _a9584245716
041 _aspa
100 1 _aPadura Fuentes, Leonardo
_d1955-
245 1 0 _aHerejes
_cLeonardo Padura
250 _a2a. edición
300 _a516 páginas
_c23 cm
490 _aAndanzas
500 _aIncluye datos biográficos del autor en solapa
650 1 4 _2LEMB
_aNovela cubana
_ySiglo XX
650 1 4 _2LEMB
_aLiteratura cubana
_ySiglo XX
650 1 4 _2LEMB
_aFamilia en la literatura
650 1 4 _2LEMB
_aJudíos en la literatura
650 1 4 _2LEMB
_aEmigración e Inmigración en la literatura
650 1 4 _2LEMB
_aPintores en la literatura
942 _2loc
_cBKLIT
264 _aBogotá
_bTusquets
_c2016
336 _atexto
_btxt
_2rdacontent
337 _asin mediación
_bn
_2rdamedia
338 _avolumen
_bnc
_2rdacarrier
040 _aCO-BoRNBP
_bspa
_erda
_cCO-BoRNBP
084 _aN PAD1
999 _c8172
_d8172